Missing Word: Ben Affleck Quiz Stats

Quiz Updated Aug 28, 2012

Challenge
Share
Tweet
Embed
Score 0/20 Timer 02:00
0 Plays Today
Movie Title Missing Word % Correct
Good Will _____Hunting
97.6%
He's _____ Not That Into YouJust
91%
_____ HarborPearl
87.1%
_____ and ConfusedDazed
86.4%
Going _____ the WayAll
75.8%
Jay and _____ Bob Strike BackSilent
71.3%
The _____ of All FearsSum
70.2%
Boiler _____Room
62.7%
Reindeer _____Games
61.8%
Smokin' _____Aces
59.2%
Movie Title Missing Word % Correct
_____ AmyChasing
56%
_____ of PlayState
52.1%
_____ About TownMan
41.8%
_____ in LoveShakespeare
37.6%
Changing _____Lanes
37%
_____ of NatureForces
23.8%
Surviving _____Christmas
19.3%
_____ TiesSchool
17.5%
200 _____Cigarettes
14.3%
Joseph: King of _____Dreams
7.3%

Today's Daily Dose

Missing Word
NPR Programs

Quick Pick
1991 Events

On This Day
June 18th II

You're not logged in!

Compare scores with friends on all Sporcle quizzes.
Join for Free
OR
Log In

You Might Also Like...

Show Comments

Extras

Top Quizzes Today


Score Distribution

Your Account Isn't Verified!

In order to create a playlist on Sporcle, you need to verify the email address you used during registration. Go to your Sporcle Settings to finish the process.

Report this User

Report this user for behavior that violates our Community Guidelines.

Details: